Top Ten Most Populated Cities - Statistics

General Stats
  • This quiz has been taken 62 times
  • The average score is 8 of 10
Answer Stats
Hint Population Answer % Correct
1 37,393,000 Tokyo
96%
8 20,463,000 Beijing
93%
2 30,291,000 Delhi
89%
3 27,058,000 Shanghai
85%
9 20,411,000 Mumbai
80%
5 21,782,000 Mexico City
78%
4 22,043,000 Sao Paulo
73%
7 20,901,000 Cairo
65%
6 21,006,000 Dhaka
53%
10 19,165,000 Osaka
45%
No matching quizzes found
Score Distribution
Percent of People with Each Score
Percentile by Number Answered
Your Score History
You have not taken this quiz